<?xml version="1.0" encoding="UTF-8"?>
<record
    xmlns:xsi="http://www.w3.org/2001/XMLSchema-instance"
    xsi:schemaLocation="http://www.loc.gov/MARC21/slim http://www.loc.gov/standards/marcxml/schema/MARC21slim.xsd"
    xmlns="http://www.loc.gov/MARC21/slim">

  <leader>01140nam a2200277 a 4500</leader>
  <controlfield tag="001">BRCA_8762</controlfield>
  <controlfield tag="003">FranzMayer</controlfield>
  <controlfield tag="005">20230728112832.0</controlfield>
  <controlfield tag="008">280317s1789----sp-g######---#000-0#spa-#</controlfield>
  <datafield tag="040" ind1=" " ind2=" ">
    <subfield code="a">MFM</subfield>
    <subfield code="b">esp</subfield>
    <subfield code="c">MFM</subfield>
  </datafield>
  <datafield tag="041" ind1=" " ind2=" ">
    <subfield code="a">spa</subfield>
  </datafield>
  <datafield tag="044" ind1=" " ind2=" ">
    <subfield code="a">sp</subfield>
  </datafield>
  <datafield tag="050" ind1=" " ind2="4">
    <subfield code="a">BX2049.C3</subfield>
    <subfield code="b">.R58 1789</subfield>
  </datafield>
  <datafield tag="245" ind1="1" ind2="0">
    <subfield code="a">Ritual carmelitano</subfield>
    <subfield code="b">parte primera instrucciones de canto llano y figurado : &#xE1; uso de los religiosos y religiosas de la Orden de Descalzos de Nuestra Madre Sant&#xED;sima, la Virgen Mar&#xED;a del Monte Carmelo de la primitiva observancia en esta congregaci&#xF3;n de Espa&#xF1;a e Indias.</subfield>
  </datafield>
  <datafield tag="260" ind1=" " ind2=" ">
    <subfield code="a">Madrid</subfield>
    <subfield code="b">Por Don Joseph Doblado</subfield>
    <subfield code="c">1789</subfield>
  </datafield>
  <datafield tag="300" ind1=" " ind2=" ">
    <subfield code="a">[10], xiii, 369 p.</subfield>
    <subfield code="c">21 cm.</subfield>
  </datafield>
  <datafield tag="500" ind1=" " ind2=" ">
    <subfield code="a">S/N</subfield>
  </datafield>
  <datafield tag="500" ind1=" " ind2=" ">
    <subfield code="a">Estado f&#xED;sico : presenta lomo desprendido, hojas con manchas y presencia del pececillo de plata</subfield>
  </datafield>
  <datafield tag="500" ind1=" " ind2=" ">
    <subfield code="a">Donaci&#xF3;n del Lic. H&#xE9;ctor Rivero Borrell Miranda, Director MFM, 25-enero-2017</subfield>
  </datafield>
  <datafield tag="500" ind1=" " ind2=" ">
    <subfield code="a">N&#xFA;mero de control : 00002</subfield>
  </datafield>
  <datafield tag="650" ind1="1" ind2="4">
    <subfield code="a">Carmelitas Descalzos</subfield>
    <subfield code="9">21819</subfield>
  </datafield>
  <datafield tag="650" ind1="1" ind2="4">
    <subfield code="a">Liturgia</subfield>
    <subfield code="x">Cena del Se&#xF1;or</subfield>
    <subfield code="9">21820</subfield>
  </datafield>
  <datafield tag="650" ind1="1" ind2="4">
    <subfield code="a">Iglesia cat&#xF3;lica</subfield>
    <subfield code="x">Liturgia - Ritual</subfield>
    <subfield code="9">21821</subfield>
  </datafield>
  <datafield tag="902" ind1=" " ind2=" ">
    <subfield code="a">DCON</subfield>
  </datafield>
  <datafield tag="942" ind1=" " ind2=" ">
    <subfield code="2">lcc</subfield>
    <subfield code="c">B</subfield>
  </datafield>
  <datafield tag="999" ind1=" " ind2=" ">
    <subfield code="c">8413</subfield>
    <subfield code="d">8413</subfield>
  </datafield>
  <datafield tag="952" ind1=" " ind2=" ">
    <subfield code="0">0</subfield>
    <subfield code="1">0</subfield>
    <subfield code="2">lcc</subfield>
    <subfield code="4">0</subfield>
    <subfield code="7">0</subfield>
    <subfield code="8">CFM</subfield>
    <subfield code="a">BRCA</subfield>
    <subfield code="b">BRCA</subfield>
    <subfield code="d">2017-03-28</subfield>
    <subfield code="e">Donaci&#xF3;n</subfield>
    <subfield code="i">00002</subfield>
    <subfield code="l">0</subfield>
    <subfield code="o">BX2049.C3 .R58 1789 (00002)</subfield>
    <subfield code="p">9460</subfield>
    <subfield code="r">2019-03-22 00:00:00</subfield>
    <subfield code="w">2019-03-22</subfield>
    <subfield code="y">B</subfield>
  </datafield>
</record>
